Bleach Popularity Polls - Statistics

General Stats
  • This quiz has been taken 62 times
  • The average score is 64 of 100
Answer Stats
Hint Answer % Correct
1st poll>1 | 2 | 2nd poll>1 | +2 others Ichigo
100%
6th Poll(Fights)>
1
Ichigo v Byakuya
100%
3 Ichigo v Grimmjow
100%
4 Ichigo v Renji
100%
2 Ichigo v Ulquiorra
100%
5 Aizen
94%
4 Gin v Aizen
94%
6 Chad
89%
10th Poll>1 | 2 | 3 | 7th Poll(only Shinigami)> 1 Rukia
89%
2 | 7 Rukia v Aaroniero
89%
3 Rukia v Nodt
89%
5 | 6 | 8 | 10 Orihime
87%
8 Uryu v Mayuri
87%
3 | 4 | 6 Renji
85%
6 | 9th Poll(Fights)> 1 Renji v Byakuya
85%
3 | 6 | 7 | +2 others Byakuya
83%
3 | 5 | 8 Uryu
83%
4 | 5 | 9 Kenpachi
81%
10 Kenpachi v Nnoitra
81%
6 Kenpachi v Unohana
81%
4 | 7 Grimmjow
77%
3 | 4 | 7 | 8 Kisuke Urahara
77%
10 Tensa Zangetsu
74%
10 Ulquiorra
74%
3 Zangetsu
72%
7 Soi-Fon v Yoruichi
66%
8 Toshiro
66%
2 | 4th Poll>1 | 6 Toshiro Hitsugaya
66%
10 Toshiro v Gin
66%
7 | 10 Yoruichi
66%
9 Yoruichi v Soi-Fon
66%
4 | 5 Gin Ichimaru
62%
9 Mayuri v Szayelaporro
62%
5 Shunsui v Starrk
57%
2 | 5 Senbonzakura
53%
10 Shunsui Kyoraku
53%
5 Toshiro v Gin
51%
7 | 8 Zabimaru
51%
9 Jushiro Ukitake
49%
6 | 9 Momo Hinamori
40%
3 | 5th Poll(Zanpakuto only)>
1
Hyorinmaru
36%
4 Kon
36%
9 Izuru Kira
32%
7 Shuhei Hisagi
32%
2 | 8th Poll(Zanpakuto only)> 1 Sode no Shirayuki
26%
7 Katen kyokotsu
23%
8 Tatsuki Arisawa
17%
8 Yumichika Ayasegawa
17%
8 Yumichika v Charlotte
17%
7 Hanataro Yamada
13%
4 | 8 Shinso
13%
10 Ururu Tsumugiya
11%
4 | 9 Wabisuke
11%
6 Kazeshini
9%
9 Mizuiro Kojima
9%
9 Pantera
6%
5 Ruri'iro Kujaku/Fuji Kujaku
4%
10 Sogyo no Kotowari
4%
No matching quizzes found
Score Distribution
Percent of People with Each Score
Percentile by Number Answered
Your Score History
You have not taken this quiz